| 000 | 00953nam a22002897a 4500 | ||
|---|---|---|---|
| 001 | 6447 | ||
| 003 | FISKH | ||
| 005 | 20250807155933.0 | ||
| 008 | 250505b cb ||||| |||| 00| 0 eng d | ||
| 020 | _a9780590451567 | ||
| 040 |
_aFISKH _beng _cFISKH _dFISKH |
||
| 050 | _aE450 | ||
| 082 | _a973.0496073 | ||
| 100 | _aLevine, Ellen | ||
| 245 |
_aIf you traveled on the underground railroad / _cby Ellen Levine ; Illustrated by Larry Johnson |
||
| 250 | _aFirst Scholastic printing, February 1993 | ||
| 260 |
_aNew York : _bScholastic, _c1988. |
||
| 300 |
_a64 pages : _bcolor illustrations ; _c20 x 23 cm |
||
| 505 | _aR | ||
| 520 | _aDescribes the underground railroad which helped slaves escape to freedom. | ||
| 521 | 8 |
_a720
_bLexile |
|
| 521 | 8 |
_aR
_bRaz-Plus |
|
| 650 |
_aBlack History _vJuvenile Non-fiction _xUnderground Railroad |
||
| 700 |
_aJohnson, Larry _eillustrator |
||
| 942 |
_2ddc _cBK _n0 |
||
| 999 |
_c6447 _d6447 |
||